LIBRARY & INFORMATION CENTRE, KCAET, TAVANUR

ONLINE PUBLIC ACCESS CATALOGUE (OPAC)

Solid propellant rockets / (Record no. 10109)

MARC details
000 -LEADER
fixed length control field 00518cam a2200205ua 4500
041 ## - LANGUAGE CODE
Language code of text/sound track or separate title eng
082 ## - DEWEY DECIMAL CLASSIFICATION NUMBER
Classification number 629.132
Item number HUG/SO
100 ## - MAIN ENTRY--AUTHOR NAME
Personal name Huggett, Clayton .
245 ## - TITLE STATEMENT
Title Solid propellant rockets /
250 ## - EDITION STATEMENT
Edition statement 1 /
260 ## - PUBLICATION, DISTRIBUTION, ETC. (IMPRINT)
Place of publication Newjersey :
Name of publisher Princeton university press ,
Year of publication 1960.
300 ## - PHYSICAL DESCRIPTION
Number of Pages 167 ; .
700 1# - ADDED ENTRY--PERSONAL NAME
Personal name Bartley, C E .
700 1# - ADDED ENTRY--PERSONAL NAME
Personal name Mills, Mark .
942 ## - ADDED ENTRY ELEMENTS (KOHA)
Koha item type Books
Holdings
Withdrawn status Lost status Damaged status Home library Current library Date acquired Full call number Accession Number Koha item type
Withdrawn     KAUAET KAUAET 07/04/2012 629.132 3539 Books
free website counter